Marketing research : (Record no. 347347)
[ view plain ]
| 000 -LEADER | |
|---|---|
| fixed length control field | 01875 a2200181 4500 |
| 020 ## - INTERNATIONAL STANDARD BOOK NUMBER | |
| International Standard Book Number | 0195676963 (paperback) |
| 020 ## - INTERNATIONAL STANDARD BOOK NUMBER | |
| International Standard Book Number | 9780195676969 (paperback) |
| 082 04 - DEWEY DECIMAL CLASSIFICATION NUMBER | |
| Classification number | 658.83 |
| 090 ## - LOCALLY ASSIGNED LC-TYPE CALL NUMBER (OCLC); LOCAL CALL NUMBER (RLIN) | |
| -- | 4917 |
| -- | 4917 |
| 100 1# - MAIN ENTRY--PERSONAL NAME | |
| Personal name | Easwaran, Sunanda. |
| 245 10 - TITLE STATEMENT | |
| Title | Marketing research : |
| Remainder of title | concepts, practices and cases / |
| Statement of responsibility, etc. | Sunanda Easwaran, Sharmila J. Singh. |
| 260 ## - PUBLICATION, DISTRIBUTION, ETC. | |
| Place of publication, distribution, etc. | [S.l.] : |
| Name of publisher, distributor, etc. | Oxford University Press, USA, |
| Date of publication, distribution, etc. | 2007. |
| 300 ## - PHYSICAL DESCRIPTION | |
| Extent | 616 p. ; |
| Dimensions | 24 cm. |
| 520 ## - SUMMARY, ETC. | |
| Summary, etc. | Marketing Research is a comprehensive textbook specially designed to meet the needs of management students. It combines the quantitative and qualitative aspects of marketing research, and addresses its utility for both the researcher and the end-user. The text provides in-depth coverage of the key elements of the subject: its theoretical foundations, techniques of planning and design, research methodology for the implementation of quantitative and qualitative techniques, presentation and interpretation of findings through reports, and the use of marketing research techniques for developing and evaluating marketing strategies. Among the other important topics discussed are the role of research in marketing, planning for market research, types of research and sources of data, design of questionnaires and interview guides, interview techniques, methods of sampling, implementing qualitative and quantitative research, data editing and tabulation, data analysis, and computer-based techniques of data analysis. Users would find this book highly useful for its coverage of the fundamental concepts of marketing research and its relevance to business decision-making explained through classroom-tested case studies, caselets, tables, flow charts, and diagrams. |
| 700 1# - ADDED ENTRY--PERSONAL NAME | |
| Personal name | Singh, Sharmila J. |
| 856 40 - ELECTRONIC LOCATION AND ACCESS | |
| Materials specified | Amazon.com |
| Uniform Resource Identifier | <a href="http://www.amazon.com/exec/obidos/ASIN/0195676963/chopaconline-20">http://www.amazon.com/exec/obidos/ASIN/0195676963/chopaconline-20</a> |
| 942 ## - ADDED ENTRY ELEMENTS (KOHA) | |
| Institution code [OBSOLETE] | NBS |
| Koha item type | Book |
| Call number prefix | 658.83 EAS |
| Withdrawn status | Lost status | Damaged status | Not for loan | Permanent Location | Current Location | Date acquired | Total Checkouts | Full call number | Barcode | Date last seen | Price effective from | Koha item type |
|---|---|---|---|---|---|---|---|---|---|---|---|---|
| Central Library (CL) | Central Library (CL) | 08/28/2013 | 658.83 EAS | NBS8137 | 08/28/2013 | 08/28/2013 | Book |
